LEADER 01514nam a2200385 a 4500
001 c000017501
003 CARM
005 19930302000000.0
008 830909s1983 xra b 000 0 eng d
019 1 |a 2835325  |5 LACONCORD2021 
020 |a 086397032X 
035 |a (OCoLC)27572471  |5 LACONCORD2021 
040 |a SSL  |b eng  |c SSL  |d ANL-S 
042 |a anuc 
043 |a u-at--- 
082 0 4 |a 374.994  |2 19 
100 1 |a Hawke, Geof. 
245 1 0 |a Some issues in access and selection /  |c Geof Hawke and Richard Sweet. 
260 |a Payneham, S. Aust. :  |b TAFE National Centre for Research and Development,  |c 1983. 
300 |a ix, 25 p. ;  |c 30 cm. 
440 0 |a TD ;  |v 741 
440 0 |a TD/TNC ;  |v 6.3 
490 1 |a Occasional paper,  |x 0811-5648 ;  |v 1 
500 |a At head of title: TAFE National Centre for Research and Development. 
504 |a Bibliography: p. 24-25. 
650 0 |a Technical education  |z Australia. 
650 0 |a Occupational training  |z Australia. 
650 0 |a Adult education  |z Australia. 
650 0 |a Continuing education  |z Australia. 
700 1 |a Sweet, R.  |q (Richard) 
710 2 |a TAFE National Centre for Research and Development (Australia) 
830 0 |a Occasional paper (TAFE National Centre for Research and Development (Australia)) ;  |v 1. 
852 8 |b CARM  |h A2:AD27D0  |i D01454  |p 0086567  |f BK 
999 f f |i 17781ec4-44ae-5142-8c73-098b99212854  |s d5aa183a-457a-5bee-ba65-af9165bb7662 
952 f f |p Can circulate  |a CAVAL  |b CAVAL  |c CAVAL  |d CARM 1 Store  |e D01454  |f A2:AD27D0  |h Other scheme  |i book  |m 0086567